Sports Quiz

Random Sports Quiz

Progressively Harder 1. FSV Mainz 05 Players Quiz Stats

Quiz not verified by Sporcle

Challenge
Share
Tweet
Score 0/23 Timer 10:00
0 Plays Today
% Correct
Loris Karius
97.1%
Yunus Mallı
94.3%
Julian Baumgartlinger
88.6%
Jairo Samperio
80%
Stefan Bell
77.1%
Jhon Córdoba
77.1%
Pablo De Blasis
74.3%
Elkin Soto
74.3%
Niko Bungert
71.4%
Giulio Donati
71.4%
Fabian Frei
68.6%
Yoshinori Muto
65.7%
% Correct
Pierre Bengtsson
60%
Karim Onisiwo
60%
Danny Latza
54.3%
Leon Balogun
54.3%
Gaëtan Bussmann
54.3%
Henrique Sereno
54.3%
Daniel Brosinski
51.4%
Christian Clemens
45.7%
Gianluca Curci
45.7%
Christoph Moritz
42.9%
Emil Berggreen
42.9%

You're not logged in!

Compare scores with friends on all Sporcle quizzes.
Join for Free
OR
Log In

You Might Also Like...

Show Comments

Extras

Created May 1, 2016ReportNominate
Tags:mainz, player, progressively

Top Quizzes Today


Score Distribution

Your Account Isn't Verified!

In order to create a playlist on Sporcle, you need to verify the email address you used during registration. Go to your Sporcle Settings to finish the process.

Report this User

Report this user for behavior that violates our Community Guidelines.

Details: